Stolice włoskich regionów z mapą - Statystyki

Ogólne statystyki
  • Ten quiz został rozwiązany 3 115 razy
  • Średni wynik to 10 z 20
Odpowiedzi na mapie
Odpowiedzi zakodowano w zielono-czerwonej skali na mapie do tego quizu, zgodnie z poniższymi procentami.
 
Statystyki odpowiedzi
Region Liczba ludności Stolica % Poprawnych
Lacjum 2 856 133 Rzym
100%
Lombardia 1 378 689 Mediolan
96%
Kampania 959 188 Neapol
91%
Piemont 875 698 Turyn
90%
Wenecja Euganejska 260 520 Wenecja
90%
Sycylia 663 401 Palermo
81%
Toskania 378 839 Florencja
77%
Apulia 320 862 Bari
65%
Liguria 578 000 Genua
62%
Emilia-Romania 390 636 Bolonia
59%
Friuli-Wenecja Julijska 204 267 Triest
51%
Sardynia 154 267 Cagliari
47%
Trydent-Górna Adyga 118 288 Trydent
25%
Dolina Aosty 34 008 Aosta
19%
Marche 101 043 Ankona
18%
Umbria 165 956 Perugia
18%
Kalabria 89 065 Catanzaro
11%
Basilicata 66 769 Potenza
9%
Molise 49 049 Campobasso
8%
Abruzja 69 478 L'Aquila
8%
Nie znaleziono quizów pasujących do podanych kryteriów
Rozkład punktacji
Procent ludzi z każdym wynikiem
Percentyl według liczby udzielonych odpowiedzi
Twoja historia wyników
Nie rozwiązałeś tego quizu